Central Library OPAC University of Rajshahi

The Arab Middle East and Muslim Africa / (Record no. 29368)

MARC details
000 -LEADER
fixed length control field 00878nam a22002771 4500
001 - CONTROL NUMBER
control field 29368
003 - CONTROL NUMBER IDENTIFIER
rucl marc code BD-RjUL
005 - DATE AND TIME OF LATEST TRANSACTION
control field 20211209051414.0
008 - FIXED-LENGTH DATA ELEMENTS--GENERAL INFORMATION
fixed length control field 140403s1961 nyu b 001 0 eng
035 ## - SYSTEM CONTROL NUMBER
System control number (BD-RjUL)29453
System control number (OCoLC)397562
040 ## - CATALOGING SOURCE
Original cataloging agency DLC
Transcribing agency ODaWU
Modifying agency BD-RjUL
Language of cataloging eng
041 ## - LANGUAGE CODE
Language code of text/sound track or separate title eng
082 ## - DEWEY DECIMAL CLASSIFICATION NUMBER
Classification number 956
Author mark and year ARB 1961
245 14 - TITLE STATEMENT
Title The Arab Middle East and Muslim Africa /
Statement of responsibility, etc. Edited by Tibor Kerekes.
260 ## - PUBLICATION, DISTRIBUTION, ETC. (IMPRINT)
Place of publication, distribution, etc. New York :
Name of publisher, distributor, etc. Praeger,
Date of publication, distribution, etc. c1961.
300 ## - PHYSICAL DESCRIPTION
Pagination 126 p. ;
Size 22 cm.
490 0# - SERIES STATEMENT
Series statement Books that matter
500 ## - GENERAL NOTE
General note "Seven studies ... originally presented ... at the third annual roundtable conference ... held on April 29 and 30 [1960]"
504 ## - BIBLIOGRAPHY, ETC. NOTE
Bibliography, etc Includes index.
651 #0 - SUBJECT ADDED ENTRY--GEOGRAPHIC NAME
Geographic name Islamic countries
General subdivision Politics and government.
9 (RLIN) 5109
700 1# - ADDED ENTRY--PERSONAL NAME
Personal name Kerekes, Tibor
Relator term ed.
942 ## - ADDED ENTRY ELEMENTS (KOHA)
Source of classification or shelving scheme Dewey Decimal Classification
Koha item type Books
Holdings
Lost status Source of classification or shelving scheme Damaged status Not for loan Collection code Permanent Location Current Location Shelving location Date acquired Source of acquisition Cost, normal purchase price Total Checkouts Full call number Date last seen Copy number Koha item type
  Dewey Decimal Classification   Added to bundle Non-fiction Central Library, University of Rajshahi Central Library, University of Rajshahi Reading Room 23/12/1963 Sh. M. Asraf 20.75   956 ARB 1961 03/04/2014 C-1 Books